<?xml version="1.0" encoding="UTF-8"?>
<record
    xmlns:xsi="http://www.w3.org/2001/XMLSchema-instance"
    xsi:schemaLocation="http://www.loc.gov/MARC21/slim http://www.loc.gov/standards/marcxml/schema/MARC21slim.xsd"
    xmlns="http://www.loc.gov/MARC21/slim">

  <leader>00691nam a22002057a 4500</leader>
  <controlfield tag="005">20251001120954.0</controlfield>
  <datafield tag="010" ind1=" " ind2=" ">
    <subfield code="a">ENG-146921</subfield>
  </datafield>
  <datafield tag="020" ind1=" " ind2=" ">
    <subfield code="a">9788198873170</subfield>
    <subfield code="c">7000.00</subfield>
  </datafield>
  <datafield tag="035" ind1=" " ind2=" ">
    <subfield code="a">EN-130453</subfield>
  </datafield>
  <datafield tag="037" ind1=" " ind2=" ">
    <subfield code="b">DBAD</subfield>
  </datafield>
  <datafield tag="082" ind1=" " ind2=" ">
    <subfield code="2">1</subfield>
    <subfield code="a">954.13</subfield>
  </datafield>
  <datafield tag="245" ind1=" " ind2=" ">
    <subfield code="a">Lakhisarai:</subfield>
    <subfield code="c">Forword By Mithilesh Mishra [and] Photography By Raviraaj patel</subfield>
    <subfield code="b">Pride of Bihar/</subfield>
  </datafield>
  <datafield tag="250" ind1=" " ind2=" ">
    <subfield code="a">1</subfield>
  </datafield>
  <datafield tag="260" ind1=" " ind2=" ">
    <subfield code="a">Mumbai</subfield>
    <subfield code="b">Relyone Corporates Pvt. Ltd.</subfield>
    <subfield code="c">2025</subfield>
  </datafield>
  <datafield tag="270" ind1=" " ind2=" ">
    <subfield code="b">Mumbai</subfield>
    <subfield code="m">relyone2022@gmail.com</subfield>
    <subfield code="m">studios.rwork@gmail.com</subfield>
  </datafield>
  <datafield tag="300" ind1=" " ind2=" ">
    <subfield code="a">203p. </subfield>
    <subfield code="c">43cm(hb) </subfield>
    <subfield code="b">col.,ill.</subfield>
  </datafield>
  <datafield tag="700" ind1=" " ind2=" ">
    <subfield code="a">Mishra, Mithilesh </subfield>
    <subfield code="e">Forword</subfield>
    <subfield code="9">85325</subfield>
  </datafield>
  <datafield tag="700" ind1=" " ind2=" ">
    <subfield code="a">Patel, Raviraaj </subfield>
    <subfield code="e">Photographer</subfield>
    <subfield code="9">85326</subfield>
  </datafield>
  <datafield tag="942" ind1=" " ind2=" ">
    <subfield code="2">ddc</subfield>
    <subfield code="c">EN</subfield>
    <subfield code="h">954.13</subfield>
    <subfield code="m">LAK</subfield>
  </datafield>
  <datafield tag="999" ind1=" " ind2=" ">
    <subfield code="c">213548</subfield>
    <subfield code="d">213548</subfield>
  </datafield>
  <datafield tag="952" ind1=" " ind2=" ">
    <subfield code="0">0</subfield>
    <subfield code="1">0</subfield>
    <subfield code="4">0</subfield>
    <subfield code="7">1</subfield>
    <subfield code="8">REF</subfield>
    <subfield code="a">L</subfield>
    <subfield code="b">L</subfield>
    <subfield code="d">2025-10-01</subfield>
    <subfield code="e">Delivery of Books Act Division</subfield>
    <subfield code="g">7000.00</subfield>
    <subfield code="l">0</subfield>
    <subfield code="o">954.13 LAK</subfield>
    <subfield code="p">EN-130453</subfield>
    <subfield code="r">2025-10-01 00:00:00</subfield>
    <subfield code="t">1</subfield>
    <subfield code="v">7000.00</subfield>
    <subfield code="w">2025-10-01</subfield>
    <subfield code="y">EN</subfield>
  </datafield>
</record>
